Catecismo de doctrina social

-д хадгалсан:
Номзүйн дэлгэрэнгүй
Үндсэн зохиолч: Cipriani Thorne, Juan Luis (Зохиогч)
Формат: Ном
Хэл сонгох:испани
Хэвлэсэн: Madrid Palabra 1990
Цуврал:Libros MC
Нөхцлүүд:
Шошгууд: Шошго нэмэх
Шошго байхгүй, Энэхүү баримтыг шошголох эхний хүн болох!

MARC

LEADER 00000nam a2200000 a 4500
001 UCW7167
003 CL-VaPUC
008 920914e19900000SP |||||||||||||||||spa|d
082 0 4 |a 261.1  |b CIP  |2 21 
100 0 |a Cipriani Thorne, Juan Luis  |e author  |9 312303 
245 1 0 |a Catecismo de doctrina social 
300 |a 276 p 
942 |c BK 
945 |d 19920914 00:00:00 
260 |a Madrid  |b Palabra  |c 1990 
650 0 |a Doctrina social de la iglesia  |9 257333 
583 |a last modification  |c 19920914 00:00:00  |k Rodrigo Vera 
490 0 |a Libros MC 
999 |c 220022  |d 220020 
952 |0 0  |1 0  |4 0  |6 261_100000000000000_CIP_1990  |7 0  |8 A  |9 211743  |a BIBEDU  |b BIBEDU  |d 2019-11-15  |i 2798816  |o 261.1 CIP 1990  |p 2798816  |r 2019-11-15  |w 2019-11-15  |y BK  |k EDU